Construcción con bambú

Tallennettuna:
Bibliografiset tiedot
Päätekijä: Moya Murillo , Rogelio
Aineistotyyppi: Kirja
Julkaistu: [San José , Costa Rica] 1986
Aiheet:
Tagit: Lisää tagi
Ei tageja, Lisää ensimmäinen tagi!

MARC

LEADER 00000nam a2200000Ia 4500
003 004039
005 20221231144357.0
008 140114s1986 cr a m 000 ||s d
040 |c cru CEDI 
090 |a TFG 1814 
100 |a Moya Murillo , Rogelio  |9 14250 
245 |a Construcción con bambú  
260 |c 1986  |a [San José , Costa Rica] 
300 |a  93 hojas : ilustraciones ; 28 cm  
500 |a  Tesis (licenciatura en ingenieria civil)--Universidad de Costa Rica. Escuela de Ingenieria Civil 
650 |x BAMBU EN LA CONSTRUCCION  |9 14251 
942 |c TFG  |2 ddc 
999 |c 20959  |d 20959